000 01074nmc a2200373 a 4500
003 AR-BaBNM
005 20251128203826.0
008 011101s1981 ||||||||||||||000 | spa||
020 _a84-7046-222-9
040 _cAR-BaBNM
100 1 _aBailey, Patrick
245 1 0 _aDidáctica de la geografía
250 _a5ª ed.
260 _aBogotá
_bCincel-Kapelusz
_c1981
300 _a205 p.
_btablas, fot., gráfs.
490 0 _aColección de didáctica
_vv. 4
504 _aContiene: fuentes y bibliografía
650 4 _aPLAN DE ESTUDIOS
650 4 _aENSENANZA DE LA GEOGRAFIA
650 4 _aMETODOS DE ENSENANZA
650 4 _aMATERIAS DEL CURRICULO
650 4 _aCIENCIAS DE LA TIERRA
650 4 _aCARTOGRAFIA
650 4 _aCIENCIA Y TECNOLOGIA
650 4 _aMATERIAL DIDACTICO
650 4 _aORGANIZACION ESCOLAR
653 0 _aSISTEMA EDUCATIVO
653 _aEDUCACION SECUNDARIA
653 _aEDUCACION SUPERIOR
700 1 _aSierra Valenti, Eduardo
_etraductor
800 1 _aRodríguez Diéguez, José Luis
942 _cBK
998 _cHector
999 _c5057
_d5057